| 000 | 00959nam a22002537a 4500 | ||
|---|---|---|---|
| 005 | 20170124103010.0 | ||
| 010 | _aA-513762 | ||
| 020 |
_c50.00 _a8171380476 |
||
| 035 | _aA-513762 | ||
| 037 | _bCen Lib/Ret | ||
| 040 |
_aDPL _bHN |
||
| 082 |
_aक _bजोशीन |
||
| 100 |
_aजोशी, नवीन _957398 |
||
| 245 |
_aअपने मोर्चे पर / _cनवीन जोशी |
||
| 246 |
_aApne morche par / _bby Naveen Joshi |
||
| 260 |
_aनयी दिल्ली _bसामायिक प्रकाशन _c1991 |
||
| 270 |
_bनयी दिल्ली _a3543, जाटवाडा, दरिया गंज _e110002 |
||
| 300 |
_a143पृ. _c17सेमी (सजिल्द) |
||
| 650 |
_aहिन्दी साहित्य _957399 |
||
| 650 |
_aकहानियां _957400 |
||
| 650 |
_aHindi literature _957401 |
||
| 650 |
_aStories _97500 |
||
| 942 |
_2ddc _cHN _hक _mजोशीन |
||
| 999 |
_c114578 _d114578 |
||